000 00238 a2200073 4500
245 0 _aTechnika elektriceskich izmerenij :
_bSbornik naucnych trudov /
_c.
710 2 _aNaukova Dumka.
_eWydawca
_4pbl
260 _aKiev :
_bNaukova Dumka,
_c1979.
300 _a112 s.;
_c25 cm.
999 _c12556
_d12556